Llwytho...
Llife of the marsh
| Iaith: | English |
|---|---|
| Cyhoeddwyd: |
newyork
mcgraw hill
1966
|
| LEADER | 00265nam a22001097a 4500 | ||
|---|---|---|---|
| 005 | 20151028162403.0 | ||
| 008 | 100520t xxu||||| |||| 00| 0 eng d | ||
| 082 | |a 574 |b K32.2 | ||
| 245 | |a Llife of the marsh | ||
| 942 | |c REF |6 _ | ||
| 260 | |a newyork |b mcgraw hill |c 1966 | ||
| 999 | |c 81358 |d 81358 | ||